000 00341nam a2200145 4500
008 190524s1994||||xo d
100 1 _aHakim el Chalil
_91157
245 1 0 _aTajomstvo pyramĂ­d
250 _a1. vydanie
260 _bEko konzult
_aBratislava
_c1994
020 _c0
041 1 _aslo
044 _axo
_cSK
958 _aAPR
999 _c22461
_d22461